<?xml version="1.0" encoding="UTF-8"?>
<record
    xmlns:xsi="http://www.w3.org/2001/XMLSchema-instance"
    xsi:schemaLocation="http://www.loc.gov/MARC21/slim http://www.loc.gov/standards/marcxml/schema/MARC21slim.xsd"
    xmlns="http://www.loc.gov/MARC21/slim">

  <leader>01192nam a2200181Ia 4500</leader>
  <controlfield tag="008">230823s9999    xx            000 0 und d</controlfield>
  <datafield tag="020" ind1=" " ind2=" ">
    <subfield code="a">97890041411869004141189</subfield>
  </datafield>
  <datafield tag="041" ind1=" " ind2=" ">
    <subfield code="a">eng</subfield>
  </datafield>
  <datafield tag="050" ind1=" " ind2=" ">
    <subfield code="a">BS1525.52 </subfield>
    <subfield code="b">.B43 2004</subfield>
  </datafield>
  <datafield tag="100" ind1=" " ind2=" ">
    <subfield code="a">Becking, Bob </subfield>
  </datafield>
  <datafield tag="245" ind1=" " ind2="0">
    <subfield code="a">Between fear and freedom : </subfield>
    <subfield code="b">essays on the interpretation of Jeremiah 30-31 /</subfield>
    <subfield code="c">Bob Becking</subfield>
  </datafield>
  <datafield tag="260" ind1=" " ind2=" ">
    <subfield code="a">Leiden ; Boston : </subfield>
    <subfield code="b">E. J. Brill, </subfield>
    <subfield code="c">2004</subfield>
  </datafield>
  <datafield tag="300" ind1=" " ind2=" ">
    <subfield code="a">viii, 338 p.</subfield>
    <subfield code="b">;</subfield>
    <subfield code="c">25 cm.</subfield>
  </datafield>
  <datafield tag="490" ind1=" " ind2=" ">
    <subfield code="a">Old Testament studies,</subfield>
    <subfield code="v">51</subfield>
  </datafield>
  <datafield tag="505" ind1=" " ind2=" ">
    <subfield code="a">Acknowledgments -- 1 A Dissonant Voice of Hope: An Introduction to the Interpretation of Jeremiah 30-31 -- 1.1 Introduction -- 1.2 The Art and the Act of Interpretation -- 1.3 The Book of Consolation -- 1.4 The Outline of this Book -- 2 Abbreviation, Expansion or Two Traditions: The Text of Jeremiah 30-31 -- 2.1 Introduction -- 2.2 A Textual Comparison -- 2.2.1 Zero Variants -- 2.2.2 Linguistic Exegesis -- 2.2.3 Instance where the MT Has a Corruption -- 2.2.4 Instances where the Old Greek Did Not Understand Its Vorlage -- 2.2.5 Secondary Additions in the LXX -- 2.2.6 Minor Content Variants....</subfield>
  </datafield>
  <datafield tag="650" ind1=" " ind2=" ">
    <subfield code="a">Bible. Jeremiah, XXX-XXXI--Criticism, interpretation, etc.</subfield>
  </datafield>
  <datafield tag="999" ind1=" " ind2=" ">
    <subfield code="c">46475</subfield>
    <subfield code="d">46475</subfield>
  </datafield>
</record>
